000 00656cam a22002413a 4500
001 22418
003 PGUSA
005 20140828083457.0
008 070827s2007||||xxu|||||s|||||000 | eng d
040 _aPGUSA
_beng
042 _adc
050 4 _aHF
100 1 _aHunter, William Crosbie,
_d1866-
245 1 0 _aDollars and Sense
_h[electronic resource] /
_cWilliam Crosbie Hunter
260 _bProject Gutenberg,
_c2007
506 _aPublic domain in the USA.
516 _aElectronic text
653 _aConduct of life
653 _aSuccess
830 0 _aProject Gutenberg
_v22418
856 4 0 _uhttp://www.gutenberg.org/ebooks/22418
942 _cEB
999 _c251673
_d251673